| 000 | 00767nam a2200241 i 4500 | ||
|---|---|---|---|
| 001 | 7950 | ||
| 003 | ES-MaACL | ||
| 005 | 20240202142643.0 | ||
| 007 | t| | ||
| 008 | 910613s1988 sp ||||1| spa d | ||
| 020 | _a84-505-7684-9 | ||
| 080 | _a791.44.071.1 Almodovar, Pedro | ||
| 100 | 1 |
_aVidal, Nuria. _9114451 |
|
| 245 | 1 | 3 |
_aEl cine de Pedro Almodóvar / _cNuria Vidal. |
| 250 | _a1ª ed. | ||
| 260 |
_aMadrid : _bInstituto de la Cinematografia y las Artes Audiovisuales, _c1988. |
||
| 300 |
_a293 p. : _bil. ; _c21 cm. |
||
| 600 | 1 | 4 |
_aAlmodóvar, Pedro, _d1949- _920157 |
| 650 |
_aCine- _zEspaña. _911025 |
||
| 710 | 2 |
_aInstituto de la Cinematografía y de las Artes Audiovisuales _94978 |
|
| 852 |
_aES-MaACL _jL-15296 |
||
| 999 |
_c7950 _d7950 |
||